Tratado de la transdisciplinariedad de los derechos fundamentales /

Detalles Bibliográficos
Otros Autores: Torres Manrique, Jorge Isaac (Editor), Banu Dalaman, Zeynep, 1969- (Editor), Perona, Riccardo (Editor), Castro, Douglas de (contributor agent of text.), Valle Franco, Alex (contributor agent of text.)
Formato: Electrónico eBook
Lenguaje:español
portugués
inglés
Publicado: Santiago, Chile : Ediciones Olejnik, [2023]
Colección:Biblioteca recientes y próximos escenarios de los ordenamientos jurídicos.
Materias:
Acceso en línea:Digitalia Hispánica

MARC

LEADER 00000nam a2200000Ii 4500
001 DIGOLEJNK1532
003 NyNyDIG
006 m o d
007 cr |||||||||||
008 260106s2023 cl ob 000 0 spa d
035 |a (OCoLC)1430478783 
040 |a DGITA  |b eng  |e rda  |e pn  |c DGITA 
020 |z 9789564073736 
041 0 |a spa  |a por  |a eng 
050 1 4 |a K3236 ebook 
245 0 0 |a Tratado de la transdisciplinariedad de los derechos fundamentales /  |c Jorge Isaac Torres Manrique, Zeynep Banu Dalaman, Riccardo Perona, dirección científica ; prólogos, Douglas de Castro, Alex Valle Franco. 
264 1 |a Santiago, Chile :  |b Ediciones Olejnik,  |c [2023] 
300 |a 1 online resource. 
336 |a text  |b txt  |2 rdacontent 
337 |a computer  |b c  |2 rdamedia 
338 |a online resource  |b cr  |2 rdacarrier 
347 |a text file  |2 rdaft 
347 |b PDF 
490 1 |a Biblioteca recientes y próximos escenarios de los ordenamientos jurídicos 
504 |a Includes bibliographical references. 
546 |a Text chiefly in Spanish with some articles in Portuguese and English. 
588 0 |a Online resource; title from PDF title page (Digitalia, viewed January 6, 2026) 
650 0 |a Civil rights. 
650 0 |a Constitutional law. 
650 0 |a Human rights. 
700 1 |a Torres Manrique, Jorge Isaac,  |e editor. 
700 1 |a Banu Dalaman, Zeynep,  |d 1969-  |e editor. 
700 1 |a Perona, Riccardo,  |e editor. 
700 1 |a Castro, Douglas de,  |e contributor agent of text. 
700 1 |a Valle Franco, Alex,  |e contributor agent of text. 
791 2 |a Digitalia (Firm),  |e distributor. 
793 0 |g Digitalia eBook Collection:  |a Ediciones Olejnik 
776 0 8 |i Print version:  |t Tratado de la transdisciplinariedad de los derechos fundamentales.  |d Santiago, Chile : Ediciones Olejnik, 2023  |z 9789564073736 
830 0 |a Biblioteca recientes y próximos escenarios de los ordenamientos jurídicos. 
856 4 0 |3 Digitalia Hispánica  |u https://www.digitaliapublishing.com/a/158051/ 
910 |a Premium collection: 2026